000 01026 a2200217 4500
001 265
005 20260407155418.0
008 260407a2009 arg spa d
003 AR-UNSa-BCEJYS
040 _aAR-UNSa-BCEJYS
_bspa
_cAR-UNSa-BCEJYS
080 _a331.108.4
_xCarrera profesional dentro de la empresa
245 1 0 _aMi carrera
_pcómo analizar, revisar y corregir su carrera laboral
020 _a978-950-641-441-2
264 1 _aBuenos Aires :
_bGranica
_c2009
300 _a102 p.
_c18 cm
505 _a1. El significado de la carrera laboral para las personas - 2. Cómo analizar, revisar y corregir su propia carrera laboral - 3. El rol de la formación - 4. Hacer carrera dentro de la organización - 5. Los ejecutivos: secretos de su éxito - 6. ¿Qué puedo hacer para mejorar mi carrera laboral?
942 _cBK
590 _aniveau_biblio:m niveau_hierar:0
100 1 _aAlles, Martha Alicia
856 4 1 _uhttps://biblioeco.unsa.edu.ar/pmb/images/libros/Mi carrera2-l117542.jpg
_yImagen de portada
_qimage/jpeg
999 _c177
_d177